000 00353nam a2200145Ia 4500
008 150201s2005 xx 000 0 und d
082 _a616.8
_bP05S
100 _aSTUART , G.W.
245 _aPRINCIPLES & PRACTICE OF PSYCHIATRIC NISING
250 _a8TH
260 _bELSEVIER
_aDELHI
_c2005
300 _a899
650 _aPSYCHIATRY
942 _2ddc
_cBK
999 _c1907
_d1907